LEADER 00810nam0 2200265 450 001 9910549600403321 005 20220318123546.0 010 $a978-1-4744-2892-7 100 $a20220318d2020----km y0itay50 ba 101 0 $aeng 102 $aGB 105 $ay 001yy 200 1 $aFilm and domestic space$earchitectures, representations, dispositif$fedited by Stefano Baschiera and Miriam De Rosa 210 $aEdinburgh$cEdinburgh University Press$d2020 215 $aXIII, 241 p.$d23 cm 676 $a791.436564$v23$zita 702 1$aBaschiera,$bStefano 702 1$aDe Rosa,$bMiriam 801 0$aIT$bUNINA$gREICAT$2UNIMARC 901 $aBK 912 $a9910549600403321 952 $a791.43 BASCS 1$b2021/4387$fFLFBC 959 $aFLFBC 996 $aFilm and domestic space$92800317 997 $aUNINA LEADER 01227nam 2200433 450 001 9910165156603321 005 20220519084559.0 010 $a3-406-70816-1 035 $a(CKB)3710000001064968 035 $a(MiAaPQ)EBC4810377 035 $a(MiAaPQ)EBC6988965 035 $a(Au-PeEL)EBL6988965 035 $a(EXLCZ)993710000001064968 100 $a20170301h20172017 uy 0 101 0 $ager 135 $aurcnu|||||||| 181 $2rdacontent 182 $2rdamedia 183 $2rdacarrier 200 10$aKulturgeschichte der Neuzeit $eDie Krisis der europaischen Seele von der Schwarzen Pest bis zum Ersten Weltkrieg /$fEgon Friedell 205 $a3rd ed. 210 1$aMunchen, [Germany] :$cVerlag C.H. Beck,$d2017. 210 4$dİ2017 215 $a1 online resource (1,586 pages) 300 $aIncludes index. 311 $a3-406-63641-1 606 $aWar 606 $aCivilization$xHistory 615 0$aWar. 615 0$aCivilization$xHistory. 676 $a355.02 700 $aFriedell$b Egon$0204055 801 0$bMiAaPQ 801 1$bMiAaPQ 801 2$bMiAaPQ 906 $aBOOK 912 $a9910165156603321 996 $aKulturgeschichte der Neuzeit$9535589 997 $aUNINA